Οι προσδιοριστικοί παράγοντες των άμεσων ξένων επενδύσεων στον Νότιο Καύκασο : διπλωματική εργασία [μεταπτυχιακή εργασία]

Αποθηκεύτηκε σε:
Λεπτομέρειες βιβλιογραφικής εγγραφής
Κύριος συγγραφέας: Χατζηνικόλας, Σωτήρης-Δημήτρης
Συγγραφή απο Οργανισμό/Αρχή: Πανεπιστήμιο Αιγαίου Σχολή Ανθρωπιστικών Επιστημών Τμήμα Μεσογειακών Σπουδών Πρόγραμμα Μεταπτυχιακών Σπουδών Πολιτικές, Οικονομικές και Διεθνείς Σχέσεις στη Μεσόγειο
Άλλοι συγγραφείς: Μανώλη, Παναγιώτα (Εισηγητής διατριβής)
Μορφή: Thesis Βιβλίο
Γλώσσα:Greek
Δημοσίευση: 2012
Θέματα:
Διαθέσιμο Online:http://hdl.handle.net/11610/12290
Ετικέτες: Προσθήκη ετικέτας
Δεν υπάρχουν, Καταχωρήστε ετικέτα πρώτοι!

MARC

LEADER 00000cam a2200000 i 4500
001 1/23773
008 121030s2012 gre d
035 |l 10113306 
040 |a GR-MY-UA  |b gre  |e aacr 
041 0 |a gre 
082 0 |a 332.673  |2 (22) 
100 1 |a Χατζηνικόλας, Σωτήρης-Δημήτρης. 
245 1 3 |a Οι προσδιοριστικοί παράγοντες των άμεσων ξένων επενδύσεων στον Νότιο Καύκασο :  |b διπλωματική εργασία [μεταπτυχιακή εργασία] /  |c Χατζηνικόλας Σωτήρης-Δημήτρης ; επιβλέπουσα: Μανώλη Παναγιώτα 
260 |c 2012 
300 |a 64 σ.;  |b πιν.;  |c 30 εκ. 
500 |a Μέλη εξεταστικής επιτροπής: Σεϊμένης Ιωάννης, Τσαρδανίδης Χαράλαμπος 
502 |a Διατριβή (μεταπτυχιακή) – Πανεπιστήμιο Αιγαίου, Ρόδος, 2012. 
504 |a Βιβλιογραφία: σ. 61-64 
650 0 0 |a Investments, Foreign  |z Caucasus. 
650 0 0 |a International economic relations. 
650 0 0 |a Productivity. 
650 0 0 |a Dissertations, Academic  |z Greece. 
651 0 |a Caucasus  |x Foreign relations. 
700 1 |a Μανώλη, Παναγιώτα.  |4 ths 
710 2 |a Πανεπιστήμιο Αιγαίου  |b Σχολή Ανθρωπιστικών Επιστημών  |b Τμήμα Μεσογειακών Σπουδών  |b Πρόγραμμα Μεταπτυχιακών Σπουδών Πολιτικές, Οικονομικές και Διεθνείς Σχέσεις στη Μεσόγειο. 
852 |a INST  |b RHODES  |c DIATR  |e 20121030  |h 332.673 ΧΑΤ  |p 005400034681  |q 005400034681  |t MTXE  |y 23 
852 |a INST  |b RHODES  |c DIATR  |e 20121030  |h 332.673 ΧΑΤ  |p 005400034682  |q 005400034682  |t MTXE  |y 23 
856 |u http://hdl.handle.net/11610/12290 
901 |a BIBL4-2012-3 
909 |a Ρ  |b 176273 
909 |a Ρ  |b 176272 
924 |a ΧΑΤΖΗΝΙΚΟΛΑΣ  |b ΣΩΤΗΡΗΣ-ΔΗΜΗΤΡΗΣ  |y ΡΟΔΟΣ  |z 2012-06 
970 |z 2012/10/30